Statistics for Months of the Year

Click here to take the quiz!

General Stats

  • This quiz has been taken 375 times
  • The average score is 11 of 12

Answer Stats

Answer % Correct
March
95%
January
94%
May
94%
June
93%
July
92%
April
87%
September
86%
August
85%
December
84%
October
82%
November
81%
February
78%

Score Distribution

Percentile by Number Answered

Percent of People with Each Score

Your Score History

You have not taken this quiz